The first building act of Hungary act VI of 1937 /

Elmentve itt :
Bibliográfiai részletek
Szerző: Völgyesi Levente
Dokumentumtípus: Cikk
Megjelent: 2013
Sorozat:Acta Universitatis Szegediensis : forum : acta juridica et politica 3 No. 2
Kulcsszavak:Építésügy - Magyarország - jogi szabályozás
Tárgyszavak:
Online Access:http://acta.bibl.u-szeged.hu/36131
LEADER 00772nab a2200205 i 4500
001 acta36131
005 20210927125725.0
008 161017s2013 hu o 0|| eng d
022 |a 0324-6523 
040 |a SZTE Egyetemi Kiadványok Repozitórium  |b hun 
041 |a eng 
100 1 |a Völgyesi Levente 
245 1 4 |a The first building act of Hungary   |h [elektronikus dokumentum] :  |b act VI of 1937 /  |c  Völgyesi Levente 
260 |c 2013 
300 |a 293-306 
490 0 |a Acta Universitatis Szegediensis : forum : acta juridica et politica  |v 3 No. 2 
650 4 |a Társadalomtudományok 
650 4 |a Jogtudomány 
695 |a Építésügy - Magyarország - jogi szabályozás 
856 4 0 |u http://acta.bibl.u-szeged.hu/36131/1/juridpol_forum_003_002_293-306.pdf  |z Dokumentum-elérés